[Event "HUN-chT2 9495"]
[Site "HUN"]
[Date "1995.??.??"]
[Round "?"]
[White "Kocsis, Janos"]
[Black "Kocsis, Gyorgy"]
[Result "1/2-1/2"]
[WhiteElo "2290"]
[BlackElo "2290"]

1.c4 g6 2.Nf3 Bg7 3.e4 d6 4.d4 Nf6 5.Nc3 O-O 6.Be2 e5 7.O-O Nc6 8.d5 Ne7
9.Ne1 Ne8 10.Nd3 f5 11.Bd2 f4 12.Bg4 h5 13.Bxc8 Qxc8 14.f3 g5 15.c5 Ng6 16.Rc1 Rf7
17.cxd6 cxd6 18.Be1 g4 19.Bf2 Bh6 20.Nb5 Qd7 21.Nxa7 g3 22.Bb6 gxh2+ 23.Kxh2 Rg7
24.Bf2 h4 25.a4 Bg5 26.Rh1 h3 27.gxh3 Bh4 28.Nb5 Bg3+ 29.Kg1 Nh4 30.Kf1 Qf7
31.Rc3 Qh5 32.Ne1 Bxf2 33.Kxf2 Nf6 34.Qc2 Qg6 35.Nxd6 Kh7 36.Nc4 Re8 37.Ke2 Qh5
38.Kd1 Reg8 39.Qe2 Ng2 40.Kc1 Nxe1 41.Rxe1 Rg2 42.Qd1 Nd7 43.Nd6 Qg6 44.Nf5 Qb6
45.Rb3 Qa6 46.Kb1 Nc5 47.Rc3 Rxb2+ 48.Kxb2 Nxa4+ 49.Qxa4 Qxa4 50.Rec1 Qb5+
51.Rb3  1/2-1/2

[Event "Papp Bela mem"]
[Site "HUN"]
[Date "1995.??.??"]
[Round "?"]
[White "Lehmann, Zoltan"]
[Black "Berta, Krisztian"]
[Result "1/2-1/2"]
[WhiteElo "2335"]
[BlackElo "2225"]

1.d4 Nf6 2.c4 g6 3.Nc3 Bg7 4.e4 d6 5.Be2 O-O 6.Nf3 e5 7.O-O Nc6 8.d5 Ne7
9.Ne1 Nd7 10.Nd3 f5 11.f3 f4  1/2-1/2

[Event "HUN-chT2 9596"]
[Site "HUN"]
[Date "1995.??.??"]
[Round "1"]
[White "Kaman, Attila"]
[Black "Lengyel, Bela"]
[Result "0-1"]
[WhiteElo "2185"]
[BlackElo "2320"]

1.d4 Nf6 2.Nf3 g6 3.c4 Bg7 4.Nc3 O-O 5.e4 d6 6.Be2 e5 7.O-O Nc6 8.d5 Ne7
9.Ne1 Ne8 10.Nd3 f5 11.Bd2 Nf6 12.f3 f4 13.c5 g5 14.cxd6 cxd6 15.Nf2 h5 16.h3 Rf7
17.Rc1 a6 18.b4 Bf8 19.Qb3 Rg7 20.b5 g4 21.fxg4 hxg4 22.Bxg4 Nxg4 23.Nxg4 Bxg4
24.hxg4 Qd7 25.Rc2 Qxg4 26.Be1 Ng6 27.Qc4 Nh4 28.Bxh4 Qxh4 29.Rf3 Qg4 30.Qd3 Be7
31.Rh3 Rc8 32.bxa6 bxa6 33.Qf3 Qxf3 34.Rxf3 Bd8 35.Rb2 Ba5 36.Ne2 Rc4 37.Ra3 Bb4
38.Rh3 Rxe4 39.Kf1 Rh7 40.Rxh7 Kxh7 41.Kf2 a5 42.Kf3 Re3+ 43.Kg4 Kg6 44.Rc2 Rd3
45.g3 fxg3 46.Nxg3 Rd4+ 47.Kf3 Rxd5 48.Ne4 Kf5 49.Ng3+ Ke6 50.Ke4 Rd4+ 51.Ke3 Rh4
52.Kf3 Bc5 53.Ne2 Ra4 54.Nc1 Ra3+ 55.Ke2 Re3+ 56.Kd2 Rh3 57.Ne2 Bb4+ 58.Kc1 Ba3+
59.Kd2 d5 60.Rc8 d4 61.Rc4 Bb4+ 62.Kd1 d3  0-1

[Event "HUN-chT2 9596"]
[Site "HUN"]
[Date "1995.??.??"]
[Round "2"]
[White "Istvandi, Lajos"]
[Black "Poor, Istvan"]
[Result "1/2-1/2"]
[WhiteElo "2335"]
[BlackElo "2305"]

1.d4 g6 2.c4 Bg7 3.Nc3 d6 4.Nf3 Nf6 5.e4 O-O 6.Be2 e5 7.O-O Nc6 8.d5 Ne7
9.Ne1 c5 10.f4 Ne8 11.Nd3 exf4 12.Bxf4 a6 13.a4 Qc7 14.Qd2 f5 15.Bh6  1/2-1/2

[Event "HUN-chT1 9596"]
[Site "HUN"]
[Date "1995.??.??"]
[Round "3"]
[White "Sinkovics, Peter"]
[Black "Peter, Ambrus"]
[Result "1/2-1/2"]
[WhiteElo "2410"]
[BlackElo "2335"]

1.d4 Nf6 2.Nf3 g6 3.c4 Bg7 4.Nc3 O-O 5.e4 d6 6.Be2 e5 7.O-O Nc6 8.d5 Ne7
9.Nd2 a5 10.Rb1 Nd7 11.a3 f5 12.b4 Kh8 13.Qc2 Ng8 14.exf5 gxf5 15.f4 exf4
16.Nf3 Ne7 17.Bxf4 Ng6 18.Bg5 Nf6 19.Nh4 axb4 20.axb4 Nxh4 21.Bxh4 Qe8 22.Nb5 Qf7
23.Bf3 Re8 24.c5 Nxd5 25.Bxd5 Qxd5 26.Nxc7 Ra2 27.Nxd5 Rxc2 28.cxd6 Ree2
29.Nf4 Red2 30.Rbc1 Bd4+ 31.Kh1 Be5 32.Rxc2 Rxc2 33.Bg3 Bxd6 34.Nd5 Bxg3
35.hxg3 Rd2 36.Ne7 Bd7 37.Nxf5 Rb2 38.Rf4 Bxf5 39.Rxf5 Rxb4 40.Rf7 Rg4  1/2-1/2

[Event "HUN-chT2 9596"]
[Site "HUN"]
[Date "1995.??.??"]
[Round "4"]
[White "Mincsovics, Miklos"]
[Black "Gara, Anita"]
[Result "0-1"]
[WhiteElo "2215"]
[BlackElo "2030"]

1.d4 Nf6 2.c4 g6 3.Nc3 Bg7 4.e4 d6 5.Be2 O-O 6.Nf3 e5 7.O-O Nc6 8.d5 Ne7
9.Nd2 a5 10.a3 Nd7 11.Rb1 f5 12.b4 c5 13.dxc6 bxc6 14.b5 Nc5 15.Bf3 Be6 16.a4 fxe4
17.Ncxe4 Nxe4 18.Bxe4 d5 19.Bf3 Bf5 20.Rb3 cxb5 21.axb5 Qc8 22.Ba3 e4 23.Bxe7 Rf7
24.Be2 Rxe7 25.cxd5 a4 26.Ra3 e3 27.fxe3 Qc5 28.Nc4 Qxb5 29.d6 Rd7 30.Qd2 Be6
31.Qd3 Rc8 32.Nd2 Qxd3 33.Bxd3 Rxd6 34.Ne4 Rdd8 35.Bb5 Bc4 36.Rb1 Bd5 37.Rxa4  0-1

[Event "HUN-chT1 9596"]
[Site "HUN"]
[Date "1995.??.??"]
[Round "4"]
[White "Peter, Ambrus"]
[Black "Zila, Laszlo"]
[Result "1-0"]
[WhiteElo "2335"]
[BlackElo "2195"]

1.d4 Nf6 2.c4 g6 3.Nc3 Bg7 4.e4 d6 5.Be2 O-O 6.Nf3 e5 7.O-O Nc6 8.d5 Ne7
9.Nd2 Nd7 10.b4 f5 11.c5 Nf6 12.f3 f4 13.Nc4 h5 14.a4 g5 15.Ba3 Ng6 16.b5 Ne8
17.a5 b6 18.axb6 a6 19.cxd6 cxb6 20.Na2 Bd7  1-0

[Event "HUN-chT1 9596"]
[Site "HUN"]
[Date "1995.??.??"]
[Round "6"]
[White "Mann, Gerald"]
[Black "Halasz, Tamas"]
[Result "1-0"]
[WhiteElo "2350"]
[BlackElo "2365"]

1.c4 g6 2.Nc3 Bg7 3.d4 d6 4.e4 Nf6 5.Be2 O-O 6.Nf3 e5 7.O-O Nc6 8.d5 Ne7
9.Ne1 Nd7 10.Be3 f5 11.f3 f4 12.Bf2 h5 13.a4 g5 14.a5 Rf6 15.Nb5 a6 16.Na7 Rxa7
17.Bxa7 b6 18.b4 Rg6 19.Nd3 g4 20.axb6 cxb6 21.c5 bxc5 22.fxg4 Qc7 23.gxh5 Rh6
24.Bxc5 dxc5 25.bxc5 Nxd5 26.exd5 e4 27.Nxf4 Bxa1 28.Qxa1 Nxc5 29.Ng6  1-0

[Event "Ikaros op"]
[Site "Ikarios"]
[Date "1995.??.??"]
[Round "3"]
[White "Vojinovic, Goran"]
[Black "Nikolaidis, Konstantinos"]
[Result "1-0"]
[WhiteElo "2425"]
[BlackElo "2290"]

1.d4 Nf6 2.Nf3 g6 3.c4 Bg7 4.Nc3 O-O 5.e4 d6 6.Be2 e5 7.O-O Nc6 8.Be3 Re8
9.dxe5 dxe5 10.Qxd8 Nxd8 11.Nb5 Ne6 12.Ng5 Re7 13.Nxe6 Bxe6 14.f3 b6 15.c5 c6
16.Nd6 Rb8 17.cxb6 axb6 18.Rfc1 Bd7 19.Nc4 b5 20.Na5 Re6 21.Nb3 Be8 22.Nc5 Re7
23.b3 Nh5 24.g3 f5 25.Rc2 Nf6 26.Rd1 h6 27.Rd6 Kf7 28.Bd3 f4 29.Bf2 h5 30.Na6 Ra8
31.Nb4 Rd7 32.Rxd7+ Bxd7 33.Nxc6 Bxc6 34.Rxc6 Rxa2 35.Bxb5 g5 36.gxf4 gxf4
37.Bc4+ Ke8 38.Re6+ Kd7 39.Rxe5 Rxf2 40.Kxf2 Ng4+ 41.fxg4 Bxe5 42.gxh5 Ke7
43.b4 Kf6 44.b5 Kg5 45.Be2 Bd6 46.Bf3 Be5 47.Ke2 Kh4 48.Kd3 Kh3 49.b6  1-0

[Event "Karditsa"]
[Site "Karditsa"]
[Date "1995.??.??"]
[Round "4"]
[White "Miladinovic, Igor"]
[Black "Grivas, Efstratios"]
[Result "1/2-1/2"]
[WhiteElo "2535"]
[BlackElo "2460"]

1.d4 Nf6 2.c4 g6 3.Nc3 Bg7 4.e4 d6 5.Nf3 O-O 6.Be2 e5 7.O-O Nc6 8.d5 Ne7
9.Ne1 Ne8 10.Nd3 f5 11.f3 f4 12.g4 h5 13.h3 Bf6 14.Bd2 Bh4 15.Be1 Bxe1 16.Qxe1  1/2-1/2

[Event "Katowice op"]
[Site "Katowice"]
[Date "1995.??.??"]
[Round "1"]
[White "Gromada, Andrzej"]
[Black "Kaminski, Marcin"]
[Result "0-1"]
[WhiteElo "2150"]
[BlackElo "2455"]

1.d4 Nf6 2.Nf3 g6 3.c4 Bg7 4.Nc3 O-O 5.e4 d6 6.Be2 e5 7.O-O Nc6 8.d5 Ne7
9.Ne1 Ne8 10.Be3 f5 11.f3 c5 12.g4 Kh8 13.h3 Ng8 14.Qd2 Qh4 15.Kg2 Bh6 16.Nd3 Nef6
17.Rh1 Bxe3 18.Qxe3 h5 19.Rag1 Bd7 20.Rh2 a6 21.Kh1 b5 22.Ne1 b4 23.f4 Nh7
24.Nd1 Rae8 25.fxe5 f4 26.Qd2 Rxe5 27.Nf3 Qf6 28.Nxe5 Qxe5 29.Bf3 Ng5 30.Qe2 h4
31.b3 Re8 32.Nf2 Nf6 33.Nd3 Qd4 34.Nxf4 Nfxe4 35.Ne6 Bxe6 36.dxe6 Ng3+ 37.Rxg3 hxg3
38.Rg2 Rxe6 39.Qd1 Nxf3 40.Qxf3 Re1+  0-1

[Event "Kemerovo1"]
[Site "Kemerovo"]
[Date "1995.??.??"]
[Round "6"]
[White "Ruban, Vadim"]
[Black "Dolmatov, Sergey"]
[Result "1/2-1/2"]
[WhiteElo "2535"]
[BlackElo "2615"]

1.d4 Nf6 2.c4 g6 3.Nc3 Bg7 4.e4 d6 5.Nf3 O-O 6.Be2 e5 7.O-O Nc6 8.d5 Ne7
9.Nd2 a5 10.a3 Nd7 11.Rb1 f5 12.b4 Kh8 13.Qc2 Ng8 14.exf5 gxf5 15.f4 axb4
16.axb4 exf4 17.Nf3 Ndf6 18.Bxf4 Ne4 19.Nxe4 fxe4 20.Nd2 Bf5 21.Be3 Be5 22.Rf2 Qh4
23.Nf1 Bg6 24.Qd2 Rxf2 25.Bxf2 Qf6 26.Ne3 Bxh2+ 27.Kxh2 Qxf2 28.Rf1 Qh4+
29.Kg1 Qe7 30.Bg4 Qe5 31.Be6 Nf6 32.c5 Ra1 33.cxd6 cxd6 34.Qc2 Rxf1+ 35.Kxf1 Kg7
36.Qc7+ Kh6 37.Qc1 Qf4+ 38.Kg1 Kg5 39.b5 Be8 40.b6 Bb5 41.Qe1 h5 42.g3 Qf3
43.Ng2 Ng4 44.Bxg4 Kxg4 45.Kh2 Be2 46.Kg1 Bd3 47.Kh2 Qe2 48.Qc3 Qf2 49.Qg7+ Kf3
50.Qf6+ Ke2 51.Qb2+  1/2-1/2

[Event "Kemerovo1"]
[Site "Kemerovo"]
[Date "1995.??.??"]
[Round "8"]
[White "Nielsen, Peter Heine"]
[Black "Dolmatov, Sergey"]
[Result "1/2-1/2"]
[WhiteElo "2500"]
[BlackElo "2615"]

1.d4 Nf6 2.c4 g6 3.Nc3 Bg7 4.e4 d6 5.Be2 O-O 6.Nf3 e5 7.O-O Nc6 8.d5 Ne7
9.Ne1 Nd7 10.Be3 f5 11.f3 f4 12.Bf2 h5 13.a4 g5 14.a5 Ng6 15.Nb5 Nf6 16.Nxa7 Bd7
17.c5 g4 18.c6 g3 19.hxg3 fxg3 20.Bxg3 Rxa7 21.cxd7 Qxd7 22.Nc2 Raa8 23.Ne3 h4
24.Bf2 Bh6 25.Nf5 Bg5 26.Qb3 Rfb8 27.Be3 Nf4 28.Kf2 N6h5 29.Rh1 Ng3  1/2-1/2

[Event "Kiekrz op"]
[Site "Kiekrz"]
[Date "1995.??.??"]
[Round "6"]
[White "Van der Werf, Mark"]
[Black "Schmidt, Wolfgang"]
[Result "1/2-1/2"]
[WhiteElo "2415"]
[BlackElo "2310"]

1.Nf3 Nf6 2.c4 g6 3.Nc3 Bg7 4.e4 d6 5.d4 O-O 6.Be2 e5 7.O-O Nc6 8.d5 Ne7
9.b4 Nh5 10.Re1 h6 11.c5 f5 12.Nd2 Nf6 13.Qb3 Rf7 14.Ba3 fxe4 15.Ndxe4 Nf5
16.Nxf6+ Qxf6 17.Ne4 Qd8 18.Bb2 h5 19.b5 Bh6 20.a4 b6 21.cxd6 cxd6 22.Bc1 Bxc1
23.Raxc1 Bb7 24.Rc6 Bxc6 25.dxc6 Kg7 26.Bc4 Rf8 27.Bd5 Qe7 28.Qc3 Rac8 29.Qd2 Nd4
30.Ng5 Qf6 31.Ne4 Qe7 32.Ng5 Qf6 33.Ne4  1/2-1/2

[Event "Platonov mem"]
[Site "Kiev"]
[Date "1995.??.??"]
[Round "11"]
[White "Koutsin, Sergey"]
[Black "Frolov, Artur"]
[Result "1/2-1/2"]
[WhiteElo "2455"]
[BlackElo "2520"]

1.d4 Nf6 2.c4 g6 3.Nc3 Bg7 4.e4 d6 5.Nf3 O-O 6.Be2 e5 7.O-O Nc6 8.d5 Ne7
9.Ne1 Nd7 10.Be3 f5 11.f3 f4 12.Bf2 g5 13.a4 a5 14.Nd3 b6 15.b4 axb4 16.Nb5 Nf6
17.Be1 g4 18.Bxb4 g3 19.h3 Bxh3 20.gxh3 Qd7 21.Qc2 Qxh3 22.Bd1 Ng6 23.Qg2 Qh6
24.Qh1 Nh4 25.Ne1 Nxe4 26.Ng2 Rf5 27.fxe4 f3 28.Bxf3 Nxf3+ 29.Rxf3 Qxh1+
30.Kxh1 Rxf3 31.Kg1 Rb3 32.Nxc7 Rf8 33.Be1 Bf6 34.Nb5 Be7 35.Ra3 Rxa3 36.Nxa3 Rf3
37.Nc2 Bg5 38.Bb4 h5 39.Nce1 Rf6 40.a5 bxa5 41.Bxa5 Rf2 42.Bc7 Be7 43.Ne3 Re2
44.N1g2 Ra2 45.c5 Ra1+ 46.Nf1 h4 47.Nxh4 Bxh4 48.Bxd6 Re1 49.c6 Rxe4 50.c7 Rc4
51.Bxe5 Kf7 52.Nxg3 Bxg3  1/2-1/2

[Event "Platonov mem"]
[Site "Kiev"]
[Date "1995.??.??"]
[Round "13"]
[White "Koutsin, Sergey"]
[Black "Timoshenko, Georgy"]
[Result "1/2-1/2"]
[WhiteElo "2455"]
[BlackElo "2550"]

1.d4 Nf6 2.Nf3 g6 3.c4 Bg7 4.Nc3 d6 5.e4 O-O 6.Be2 e5 7.O-O Nc6 8.d5 Ne7
9.Ne1 Nd7 10.Be3 f5 11.f3 f4 12.Bf2 g5 13.a4 Ng6 14.a5 Rf7 15.c5 Nxc5 16.Bxc5 dxc5
17.Bc4 Kh8 18.a6 Rf6 19.axb7 Bxb7 20.Nb5 Bf8 21.Kh1 Bd6 22.Ra5 Qe7 23.Qa4  1/2-1/2

[Event "Kishinev Interzonal (Women)"]
[Site "Kishinev"]
[Date "1995.??.??"]
[Round "3"]
[White "Paasikangas, Johanna"]
[Black "Jezierska, Ivona"]
[Result "1-0"]
[WhiteElo "2280"]
[BlackElo "2085"]

1.d4 d6 2.c4 g6 3.Nc3 Bg7 4.e4 Nf6 5.Nf3 O-O 6.Be2 e5 7.O-O Nc6 8.d5 Ne7
9.b4 Nh5 10.g3 f5 11.Ng5 Nf6 12.f3 f4 13.c5 fxg3 14.hxg3 h6 15.Ne6 Bxe6 16.dxe6 Qc8
17.Bc4 Kh7 18.Kg2 Nh5 19.Be3 Nc6 20.Nd5 Re8 21.cxd6 cxd6 22.Rc1 Qd8 23.Bb3 Rc8
24.Rh1 Nd4 25.Rxc8 Qxc8 26.g4 Nxb3 27.gxh5 Nd4 28.hxg6+ Kxg6 29.f4 Qxe6 30.Bxd4 Kh7
31.f5 Qc8 32.Be3 Qc4 33.Nf6+ Bxf6 34.Rxh6+ Kg8 35.Qg4+ Bg7 36.f6 Qxa2+ 37.Kg3 Qf7
38.Rg6  1-0

[Event "Kishinev Interzonal (Women)"]
[Site "Kishinev"]
[Date "1995.??.??"]
[Round "4"]
[White "Kiseleva, Natalia"]
[Black "Belakovskaia, Anjelina"]
[Result "0-1"]
[WhiteElo "2260"]
[BlackElo "2345"]

1.d4 Nf6 2.c4 g6 3.Nc3 Bg7 4.e4 d6 5.Nf3 O-O 6.Be2 e5 7.O-O Nc6 8.d5 Ne7
9.Nd2 a5 10.a3 Nd7 11.Rb1 f5 12.b4 Nf6 13.Qc2 f4 14.c5 Ne8 15.f3 h5 16.Nc4 axb4
17.axb4 Bd7 18.Bd2 g5 19.Ra1 Rb8 20.b5 dxc5 21.b6 Nc8 22.bxc7 Nxc7 23.Rfb1 b5
24.Na5 Nd6 25.Nd1 c4 26.Nf2 Qf6 27.Rb2 Rfc8 28.Rab1 Ra8 29.Bc3 Bf8 30.Qd2 Nf7
31.Bxc4 bxc4 32.Rb6 Qg7 33.d6 Ne6 34.Qd5 Nd4 35.Bxd4 exd4 36.Nxc4 Qf6 37.e5 Qe6
38.Qxe6 Bxe6 39.Nd2 Nxe5 40.Nfe4 Nc4 41.Nxc4 Bxc4 42.Nxg5 Rd8 43.Rc1 Bd5
44.Rc5 Rdc8 45.Rxc8 Rxc8 46.Ne4 Bg7 47.Nc5 d3 48.d7 Bd4+ 49.Kf1 Rd8 50.Rd6 d2
51.Ke2 Bc4+ 52.Kxd2 Bxc5 53.Rc6 Bb4+ 54.Kc2 Bf7  0-1

[Event "Kishinev Interzonal (Women)"]
[Site "Kishinev"]
[Date "1995.??.??"]
[Round "8"]
[White "Kiseleva, Natalia"]
[Black "Lematschko, Tatjana"]
[Result "1-0"]
[WhiteElo "2260"]
[BlackElo "2310"]

1.d4 Nf6 2.c4 g6 3.Nc3 Bg7 4.e4 d6 5.Nf3 O-O 6.Be2 e5 7.O-O Nc6 8.d5 Ne7
9.Nd2 Nd7 10.b4 a5 11.bxa5 Rxa5 12.Nb3 Ra8 13.a4 f5 14.f3 f4 15.Ba3 b6 16.Bb4 Nc5
17.a5 Bd7 18.Qc2 g5 19.axb6 Rxa1 20.Rxa1 cxb6 21.Bxc5 bxc5 22.Qa2 Nc8 23.Qa5 Qe8
24.Nb5 Bf6 25.Qc7 Bd8 26.Qb7 Qe7 27.Na5 Bxa5 28.Rxa5 g4 29.Ra1 h5 30.Na7 Nxa7
31.Rxa7 gxf3 32.Bxf3 Ra8 33.Qc7 Qf6 34.Bxh5 f3 35.Bxf3 Qg5 36.Ra1 Be8 37.Bg4 Bf7
38.Rf1 Rf8 39.h3 Qe3+ 40.Kh1 Qg5 41.Qxd6 Kg7 42.Rf5 Qd8  1-0

[Event "Kishinev Interzonal (Women)"]
[Site "Kishinev"]
[Date "1995.??.??"]
[Round "11"]
[White "Zhukova, Natalia"]
[Black "Krupkova, Petra"]
[Result "0-1"]
[WhiteElo "2360"]
[BlackElo "2210"]

1.Nf3 g6 2.c4 Bg7 3.Nc3 Nf6 4.e4 d6 5.d4 O-O 6.Be2 Nc6 7.O-O e5 8.d5 Ne7
9.Ne1 Ne8 10.Be3 f5 11.f3 f4 12.Bf2 g5 13.c5 h5 14.h3 Bh6 15.Rc1 Ng6 16.Nd3 g4
17.fxg4 f3 18.gxf3 Bxc1 19.Qxc1 Nf4 20.Nxf4 exf4 21.Nb5 Rf7 22.Nd4 Qg5 23.Rd1 hxg4
24.fxg4 Nf6 25.Bf3 Rh7 26.h4 Qe5 27.Ne6 dxc5 28.Qxc5 Bxe6 29.Bd4 Nxe4 30.Qc2 Qxd5
31.Bxe4 Qd7 32.Qc5 Rg7 33.g5 Rd8 34.Rd3 b6 35.Qe5 Bc4 36.Rd2 Qe7 37.Qxf4 Rf7
38.Bf6 Rxd2 39.Qf5 Qc5+ 40.Qxc5 bxc5  0-1

[Event "Kishinev Interzonal (Women)"]
[Site "Kishinev"]
[Date "1995.??.??"]
[Round "11"]
[White "Paasikangas, Johanna"]
[Black "Janjgava, Natia"]
[Result "1-0"]
[WhiteElo "2280"]
[BlackElo "2280"]

1.d4 Nf6 2.c4 g6 3.Nc3 Bg7 4.e4 d6 5.Nf3 O-O 6.Be2 e5 7.O-O Nc6 8.d5 Ne7
9.b4 Nh5 10.c5 f5 11.Nd2 Nf4 12.f3 Nxe2+ 13.Qxe2 f4 14.Nc4 g5 15.a4 Kh8 16.Ba3 Ng8
17.cxd6 cxd6 18.b5 Rf6 19.b6 a6 20.Nd1 Rg6 21.Nf2 h5 22.h3 Nh6 23.Nxd6 Rxd6
24.Bxd6 Qxd6 25.a5 Qg6 26.Rfc1 g4 27.Kh1 Bd7 28.Rc7 Bb5 29.Qd1 Rg8 30.fxg4 hxg4
31.hxg4 Bf6 32.Qf3 Bh4 33.Ra2 Bg3 34.Nh3 Nxg4 35.Rxb7 Nh2 36.Nxf4 exf4 37.Qc3+ Rg7
38.Qxg7+ Qxg7 39.Rxg7 Kxg7 40.b7  1-0

[Event "SLO-chT qual"]
[Site "Kranj"]
[Date "1995.??.??"]
[Round "?"]
[White "Hladnik, A."]
[Black "Veber, Bojan"]
[Result "0-1"]
[WhiteElo "2095"]
[BlackElo "2145"]

1.d4 Nf6 2.c4 g6 3.Nc3 Bg7 4.e4 d6 5.Be2 O-O 6.Nf3 e5 7.O-O Nc6 8.Be3 Ng4
9.Bg5 f6 10.Bh4 Nh6 11.Qd2 Bg4 12.dxe5 dxe5 13.Qd5+ Nf7 14.Qxd8 Raxd8 15.Nd5 g5
16.Bg3 Rd7 17.h3 Be6 18.Rfe1 h5 19.h4 g4 20.Nd2 Nd4 21.Bd1 c6 22.Ne3 Bh6
23.f3 Bf4 24.Ndf1 Nh6 25.b3 Rg7 26.Kh2 Kf7 27.Bxf4 exf4 28.Nc2 Nxc2 29.Bxc2 gxf3
30.gxf3 Rfg8 31.Re2 Ke7 32.Rae1 Nf7 33.Rf2 Ne5 34.Ree2 Rg3 35.Nxg3 fxg3+
36.Kg2 gxf2+ 37.Kxf2 Bh3 38.f4 Rg2+ 39.Ke3 Rg3+ 40.Kd4 Nf3+ 41.Kc5 b6+  0-1

[Event "Kuopio op1"]
[Site "Kuopio"]
[Date "1995.??.??"]
[Round "?"]
[White "Sakaev, Konstantin"]
[Black "Hartikainen, Markku"]
[Result "1-0"]
[WhiteElo "2535"]
[BlackElo "2255"]

1.d4 Nf6 2.Nf3 g6 3.c4 Bg7 4.Nc3 O-O 5.e4 d6 6.Be2 e5 7.O-O Nc6 8.d5 Ne7
9.Nd2 a5 10.Rb1 Nd7 11.a3 f5 12.b4 Kh8 13.f3 Ng8 14.Qc2 Ngf6 15.Bd3 f4 16.Bb2 Rg8
17.Nb5 Bf8 18.c5 Ne8 19.Nc4 axb4 20.axb4 Ndf6 21.Qf2 Bd7 22.cxd6 cxd6 23.Nb6 Rb8
24.Nxd7 Qxd7 25.Rbc1 g5 26.g4 fxg3 27.hxg3 g4 28.f4 exf4 29.Qxf4 Bg7 30.Qf5 Qxf5
31.Rxf5 Nd7 32.Bxg7+ Rxg7 33.Nd4 Ne5 34.Bb5 Nc7 35.Be2 Na6 36.Ne6 Rgg8 37.b5 Nb4
38.Rc7 Rgc8 39.Rxc8+ Rxc8 40.Rxe5 dxe5 41.d6  1-0

[Event "Clarin op"]
[Site "La Carlota"]
[Date "1995.??.??"]
[Round "3"]
[White "Hoffman, Alejandro"]
[Black "Pereyra Arcija, Diego"]
[Result "1-0"]
[WhiteElo "2495"]
[BlackElo "2290"]

1.d4 Nf6 2.c4 g6 3.Nc3 Bg7 4.e4 d6 5.Be2 O-O 6.Nf3 e5 7.O-O Nc6 8.d5 Ne7
9.Ne1 Nd7 10.Be3 f5 11.f3 f4 12.Bf2 g5 13.a4 Ng6 14.a5 Rf7 15.b4 Bf8 16.c5 Nf6
17.Kh1 h5 18.c6 bxc6 19.dxc6 Be6 20.Nd5 Bxd5 21.exd5 e4 22.fxe4 g4 23.Bd3 g3
24.Bg1 gxh2 25.Bd4 Ng4 26.Be2 Bg7 27.Bxg4 Bxd4 28.Be6 Bxa1 29.Qxa1 Kf8 30.Bxf7 Kxf7
31.Nd3 Qf6 32.Qxf6+ Kxf6 33.Nxf4 Nxf4 34.Rxf4+ Ke5 35.Rf7 Kxe4 36.Rxc7 a6
37.Rb7 Kxd5 38.Rb6 Ra7 39.Kxh2 Kc4 40.Rb7 Ra8 41.c7 Rc8 42.b5 Kc5 43.b6  1-0

[Event "La Coruna TH op"]
[Site "La Coruna"]
[Date "1995.??.??"]
[Round "2"]
[White "Gonzalez, Gu"]
[Black "Paunovic, Dragan"]
[Result "0-1"]
[WhiteElo "2230"]
[BlackElo "2460"]

1.d4 Nf6 2.c4 g6 3.Nc3 Bg7 4.e4 d6 5.Nf3 O-O 6.Be2 e5 7.O-O Nc6 8.Be3 Re8
9.dxe5 dxe5 10.Qxd8 Nxd8 11.Rfd1 Bg4 12.Rac1 Ne6 13.c5 Bxf3 14.Bxf3 c6 15.g3 Rad8
16.Kg2 h5 17.h3 Nd4 18.Rd2 Nd7 19.Na4 Nf8 20.Bd1 Nfe6 21.b4 Bf8 22.Rb1 Be7
23.Nc3 h4 24.Bg4 hxg3 25.fxg3 a5 26.a4 axb4 27.Rxb4 Nxc5 28.Bxd4 exd4 29.Rdxd4 Rxd4
30.Rxd4 Rd8 31.Rc4 Nd3 32.Ne2 Nb2 33.Rc2 Nxa4 34.e5 Nc5 35.h4 Rd5 36.e6 f5
37.Nf4 fxg4 38.Nxd5 cxd5 39.Rd2 b5 40.Rd4 Nxe6 41.Rxd5 b4 42.Kf2 Kf7 43.Ke3 Bc5+
44.Kd2 Kf6  0-1

[Event "National op"]
[Site "Las Vegas"]
[Date "1995.??.??"]
[Round "4"]
[White "Gurevich, Dmitry"]
[Black "Mariano, Nelson"]
[Result "0-1"]
[WhiteElo "2530"]
[BlackElo "2510"]

1.d4 Nf6 2.c4 g6 3.Nc3 Bg7 4.e4 d6 5.Nf3 O-O 6.Be2 e5 7.O-O Nc6 8.d5 Ne7
9.Ne1 Nd7 10.Be3 f5 11.f3 f4 12.Bf2 g5 13.a4 Ng6 14.a5 h5 15.Rc1 Nf6 16.h3 Bh6
17.Nd3 Rf7 18.c5 Rh7 19.cxd6 cxd6 20.Nb5 g4 21.Rxc8 Rxc8 22.Nxa7 Ra8 23.Bb6 Qf8
24.Nf2 gxh3 25.Nxh3 Rg7 26.Qe1 Qe7 27.Nb5 Ne8 28.Bf2 Bg5 29.b4 Bh4 30.Bxh4 Nxh4
31.Rf2 Rc8 32.Bf1 Kh8 33.Na7 Ra8 34.Nb5 Nf6 35.Kh1 Rag8 36.Rc2 Ne8 37.Nc3 Rg3
38.Rf2 Qg7 39.Ne2 Nxg2 40.Bxg2 Rxg2 41.Qf1 Rxf2 42.Nxf2 Qd7 43.Qh3 Qxh3+
44.Nxh3 Nc7 45.Nc3 Na6 46.b5 Nc5 47.b6 Rg3 48.Ng1 Kg7 49.Nb5 Rg6 50.Nc7 Kf7
51.Ne2 h4 52.Kh2 Ke7 53.Kh3 Kd7 54.Kxh4 Rg2 55.Nc3 Rg3 56.Ne6 Nxe6 57.dxe6+ Kxe6
58.Nb5 Kd7  0-1

[Event "National op"]
[Site "Las Vegas"]
[Date "1995.??.??"]
[Round "6"]
[White "Ciaffone, Robert"]
[Black "Morris, Matthew"]
[Result "0-1"]
[WhiteElo "2350"]
[BlackElo "2295"]

1.Nf3 Nf6 2.c4 g6 3.Nc3 Bg7 4.e4 d6 5.d4 O-O 6.Be2 e5 7.O-O Nc6 8.d5 Ne7
9.Nd2 Ne8 10.b4 f5 11.c5 f4 12.Nc4 g5 13.Ba3 Ng6 14.Rb1 Nh4 15.f3 h5 16.b5 b6
17.cxd6 cxd6 18.Bb4 Rf7 19.a4 Bf8 20.a5 g4 21.fxg4 Rg7 22.gxh5 Bh3 23.h6 Rg6
24.Bf3 Nxf3+ 25.Qxf3 Bxg2 26.h7+ Kh8 27.Qxg2 Rxg2+ 28.Kxg2 Rc8 29.axb6 axb6
30.Nd2 f3+ 31.Nxf3 Bh6 32.Kf2 Nf6 33.Rg1 Kxh7 34.Ke2 Qc7 35.Rgc1 Qc4+ 36.Kf2 Ng4+
37.Kg3 Rg8 38.Kh4 Qc7 39.Rb2 Ne3 40.Rg1 Qe7+ 41.Kh3 Qd7+ 42.Kh4 Rg4+  0-1

[Event "Las Vegas op 5'"]
[Site "Las Vegas"]
[Date "1995.??.??"]
[Round "6"]
[White "Browne, Walter S"]
[Black "Mariano, Nelson"]
[Result "0-1"]
[WhiteElo "2560"]
[BlackElo "2510"]

1.d4 Nf6 2.c4 g6 3.Nc3 Bg7 4.e4 d6 5.Nf3 O-O 6.Be2 e5 7.O-O Nc6 8.d5 Ne7
9.Nd2 Nd7 10.b4 f5 11.c5 Nf6 12.f3 f4 13.Nc4 g5 14.Ba3 Rf7 15.b5 Ne8 16.Rc1 Ng6
17.b6 axb6 18.cxb6 cxb6 19.Qb3 h5 20.Qxb6 Qxb6+ 21.Nxb6 Rxa3 22.Nxc8 Rc7
23.Nb5 Rxc1 24.Rxc1 Rxa2 25.Kf1 Bf8 26.Nc7 Nxc7 27.Rxc7 Ra8 28.Nb6 Ra2 29.Nd7 Be7
30.Rc8+ Kf7 31.Rc7 b5 32.Nb8 b4 33.Nc6 b3 34.Rb7 Ra1+ 35.Kf2 Rb1 36.Rb6 b2
37.Bd3 Rd1 38.Ke2 Rg1 39.Kf2 Rd1 40.Ke2 Rh1 41.h3 Nh4 42.Kf2 Rd1 43.Be2 b1=Q
44.Rxb1 Rxb1 45.Bd3 Rb2+ 46.Be2 Nxg2 47.Kxg2 Rxe2+  0-1

[Event "Lazne Bohdanec"]
[Site "Lazne Bohdanec"]
[Date "1995.??.??"]
[Round "9"]
[White "Vokac, Marek"]
[Black "Babula, Vlastimil"]
[Result "0-1"]
[WhiteElo "2475"]
[BlackElo "2530"]

1.d4 Nf6 2.c4 g6 3.Nc3 Bg7 4.e4 d6 5.Be2 O-O 6.Nf3 e5 7.O-O Nc6 8.d5 Ne7
9.Bd2 Nh5 10.g3 f5 11.exf5 Nxf5 12.Ng5 Nf6 13.Bd3 Nd4 14.Ne2 Bg4 15.Nxd4 Bxd1
16.Nde6 Qd7 17.Raxd1 Bh8 18.f4 e4 19.Nxe4 Nxe4 20.Bxe4 Qa4 21.b3 Qxa2 22.Rf3 a5
23.f5 gxf5 24.Bxf5 Rf7 25.Bh6 a4 26.Rdf1 Qxb3 27.Nxc7 Qxf3 28.Rxf3 Bd4+ 29.Kg2 Rxc7
30.Be6+ Kh8 31.Bf4 a3 32.Bxd6 a2 33.Bxc7 a1=Q 34.d6 Qe1 35.Bd5 Be5 36.Kh3 Qd2
37.Bb6 Qh6+ 38.Kg2 Qxd6 39.Bf2 Rf8 40.Rxf8+ Qxf8 41.Bxb7 Qf6 42.Bd5 Bd4 43.Be1 Qe5
44.Ba5 Qe2+ 45.Kh3 h5 46.Bd8 Kg7  0-1

[Event "Leeuwarden op"]
[Site "Leeuwarden"]
[Date "1995.??.??"]
[Round "2"]
[White "Komarov, Dimitri"]
[Black "Oral, Tomas"]
[Result "1-0"]
[WhiteElo "2575"]
[BlackElo "2410"]

1.d4 Nf6 2.Nf3 g6 3.c4 Bg7 4.Nc3 O-O 5.e4 d6 6.Be2 e5 7.O-O Nc6 8.d5 Ne7
9.b4 Nh5 10.Re1 Nf4 11.Bf1 f5 12.Bxf4 exf4 13.e5 dxe5 14.Nxe5 a5 15.bxa5 Rxa5
16.Qb3 Qd6 17.Nd3 Ra3 18.Nb5 Rxb3 19.Nxd6 Rxd3 20.Nxc8 Rxc8 21.Bxd3 Bxa1
22.Rxa1 Ra8 23.Bc2 b6 24.Bb3 Kf8 25.h4 Nc8 26.Rd1 Nd6 27.f3 Kf7 28.Kf2 Kf6
29.Re1 Re8 30.Rxe8 Nxe8 31.Ke2 Nd6 32.Kd3 Ke5 33.Kc3 h6 34.Ba4 Nb7 35.Be8 g5
36.hxg5 hxg5 37.Bd7 Nc5 38.Bc8 Na4+ 39.Kb4 Nb2 40.Kb5 Kd4 41.Kc6 Nxc4 42.Bxf5 Ne3
43.Be6 g4 44.fxg4 Nxg2 45.Kxc7 f3 46.d6 Nf4 47.Bb3 f2 48.d7 f1=Q 49.d8=Q+ Ke4
50.Qa8+ Ke5 51.Qe8+ Kf6 52.Qf7+ Kg5 53.Qf5+ Kh4 54.Kb8 Qf2 55.g5 Qd4 56.Qf6 Qe4
57.g6+ Kh5 58.g7  1-0

[Event "Leeuwarden op"]
[Site "Leeuwarden"]
[Date "1995.??.??"]
[Round "9"]
[White "Gleizerov, Evgeny"]
[Black "Chuchelov, Vladimir"]
[Result "1-0"]
[WhiteElo "2540"]
[BlackElo "2550"]

1.d4 d6 2.Nf3 g6 3.c4 Bg7 4.Nc3 Nf6 5.e4 O-O 6.Be2 e5 7.O-O Nc6 8.d5 Ne7
9.Nd2 a5 10.a3 Bd7 11.b3 c6 12.Bb2 c5 13.Nb5 Ne8 14.b4 axb4 15.axb4 Rxa1
16.Qxa1 cxb4 17.Qa4 Bh6 18.Qxb4 Bxb5 19.cxb5 f5 20.exf5 Nxf5 21.Ne4 Qb6 22.Bg4 Rf7
23.Ra1 Rc7 24.Ra8 Kf7 25.g3 Be3 26.Qb3 Bc1 27.Bc3 Rd7 28.Qd1 Bh6 29.Bxf5 gxf5
30.Qh5+ Kg7 31.Qxe8  1-0

[Event "Liechtenstein op"]
[Site "Liechtenstein"]
[Date "1995.??.??"]
[Round "?"]
[White "Plieger, Josef"]
[Black "Heyme, Sibylle"]
[Result "0-1"]
[WhiteElo "2090"]
[BlackElo "2140"]

1.d4 Nf6 2.c4 g6 3.Nc3 Bg7 4.e4 d6 5.Nf3 O-O 6.Be2 e5 7.O-O Nc6 8.d5 Ne7
9.Ne1 Ne8 10.Be3 f5 11.f3 f4 12.Bf2 Kh8 13.b4 Ng8 14.c5 g5 15.Rc1 Bd7 16.Nd3 Qf6
17.c6 bxc6 18.dxc6 Be6 19.b5 h5 20.Nb4 Qg6 21.h3 Ngf6 22.Kh2 g4 23.Bh4 Rg8
24.Ncd5 Nxd5 25.exd5 Bf6 26.Bxf6+ Nxf6 27.Rg1 Bf5 28.Bd3 e4 29.fxe4 Bxe4
30.Bxe4 Nxe4 31.Qd4+ Rg7 32.Nd3 g3+ 33.Kh1 f3 34.Rgf1 Nf2+ 35.Nxf2 fxg2+
36.Kxg2 gxf2+ 37.Kxf2 Re8  0-1